[Event "Titled Tuesday intern op 23rd Apr Late"]
[Site "Chess.com INT"]
[Date "2024.04.23"]
[Round "9"]
[White "Chemin, Vitorio"]
[Black "Marino Bravo, Miguel Angel"]
[Result "1-0"]
[WhiteElo "2131"]
[BlackElo "2140"]
[PlyCount "45"]
[EventDate "2024.04.23"]
[EventType "swiss (blitz)"]
[EventRounds "11"]
[EventCountry "USA"]
[SourceTitle "CB18_2024"]
[SourceDate "2024.05.01"]
[SourceVersion "1"]
[SourceVersionDate "2024.05.01"]
[SourceQuality "2"]

1. d4 d5 2. c4 e6 3. Nc3 Nf6 4. Bg5 Be7 5. e3 0-0 6. Nf3 Nbd7 7. Bd3 h6 8. Bh4 b6 9. cxd5 Nxd5 10. Nxd5 exd5 11. Bxe7 Qxe7 12. 0-0 c5 13. dxc5 Nxc5 14. Bc2 Bb7 15. Nd4 Rac8 16. Qg4 Qf6 17. Rac1 Ne4 18. Bxe4 dxe4 19. Qd7 Ba6 20. Rfd1 Bd3 21. Rxc8 Rxc8 22. Qxc8+ Kh7 23. Qf5+ 1-0

[Event "Titled Tuesday intern op 23rd Apr Late"]
[Site "Chess.com INT"]
[Date "2024.04.23"]
[Round "1"]
[White "Gajic, Mladen"]
[Black "Chemin, Vitorio"]
[Result "1-0"]
[WhiteElo "2294"]
[BlackElo "2131"]
[PlyCount "77"]
[EventDate "2024.04.23"]
[EventType "swiss (blitz)"]
[EventRounds "11"]
[EventCountry "USA"]
[SourceTitle "CB18_2024"]
[SourceDate "2024.05.01"]
[SourceVersion "1"]
[SourceVersionDate "2024.05.01"]
[SourceQuality "2"]

1. d4 d5 2. Nf3 e6 3. Nbd2 c5 4. e3 Nc6 5. c3 Bd6 6. Bd3 Nf6 7. 0-0 e5 8. dxc5 Bxc5 9. e4 Bg4 10. Qe2 0-0 11. exd5 Qxd5 12. Ne4 Nxe4 13. Bxe4 Qe6 14. h3 Bxf3 15. Qxf3 Rac8 16. Bf5 Qf6 17. Bxc8 Qxf3 18. gxf3 Rxc8 19. Be3 Be7 20. Rfd1 Rc7 21. Rd5 Kf8 22. Rad1 Ke8 23. f4 f6 24. fxe5 fxe5 25. a3 Bf6 26. b4 b6 27. c4 Ne7 28. Rd8+ Kf7 29. c5 Nf5 30. R8d7+ Rxd7 31. Rxd7+ Ke6 32. Rxa7 Nxe3 33. cxb6 Kd6 34. fxe3 Kc6 35. Kg2 Kxb6 36. Rf7 e4 37. Kg3 Kb5 38. Rxf6 gxf6 39. Kf4 1-0

[Event "Titled Tuesday intern op 23rd Apr Late"]
[Site "Chess.com INT"]
[Date "2024.04.23"]
[Round "10"]
[White "Koval, David W"]
[Black "Chemin, Vitorio"]
[Result "1-0"]
[WhiteElo "2209"]
[BlackElo "2131"]
[PlyCount "101"]
[EventDate "2024.04.23"]
[EventType "swiss (blitz)"]
[EventRounds "11"]
[EventCountry "USA"]
[SourceTitle "CB18_2024"]
[SourceDate "2024.05.01"]
[SourceVersion "1"]
[SourceVersionDate "2024.05.01"]
[SourceQuality "2"]

1. d4 d5 2. c4 e6 3. Nc3 c5 4. cxd5 cxd4 5. Qxd4 Nc6 6. Qd3 exd5 7. Nf3 Nf6 8. a3 a6 9. Bg5 Be7 10. e3 0-0 11. Rd1 Bg4 12. Be2 Bxf3 13. Bxf3 Ne5 14. Qe2 Nxf3+ 15. Qxf3 Qa5 16. 0-0 Rfd8 17. Rd4 Rd7 18. Rfd1 Rad8 19. Bxf6 Bxf6 20. Rxd5 Rxd5 21. Rxd5 Rxd5 22. Qxd5 Qxd5 23. Nxd5 Bxb2 24. a4 Kf8 25. Kf1 Ke8 26. Ke2 Kd7 27. Kd3 Kc6 28. Nb4+ Kc5 29. Nc2 b5 30. axb5 a5 31. f4 a4 32. b6 Kxb6 33. Kc4 a3 34. Kb3 Bc1 35. Nxa3 Bxe3 36. Nc4+ Kc5 37. Nxe3 Kd4 38. Nf5+ Ke4 39. Nxg7 Kxf4 40. Kc2 Ke3 41. g3 Kf3 42. Nh5 Kg4 43. Nf6+ Kh3 44. Kd3 Kxh2 45. g4 Kg3 46. Ke4 Kh4 47. Kf5 h6 48. Ne8 Kg3 49. Nd6 f6 50. Ne4+ Kh4 51. Nxf6 1-0

[Event "Titled Tuesday intern op 16th Apr Early"]
[Site "Chess.com INT"]
[Date "2024.04.16"]
[Round "6"]
[White "Bashirli, Saadat"]
[Black "Chemin, Vitorio"]
[Result "1-0"]
[WhiteElo "1800"]
[BlackElo "2131"]
[PlyCount "83"]
[EventDate "2024.04.16"]
[EventType "swiss (blitz)"]
[EventRounds "11"]
[EventCountry "USA"]
[SourceTitle "CB17_2024"]
[SourceDate "2024.04.24"]
[SourceVersion "1"]
[SourceVersionDate "2024.04.24"]
[SourceQuality "1"]

1. d4 Nf6 2. e3 d6 3. f4 g6 4. Bd3 Bg7 5. Nf3 Bg4 6. 0-0 Nbd7 7. Nbd2 e5 8. fxe5 dxe5 9. Be2 exd4 10. exd4 0-0 11. c3 c5 12. Nb3 cxd4 13. Nbxd4 Re8 14. h3 Bxf3 15. Bxf3 Qb6 16. Kh1 Rad8 17. Qc2 Ne5 18. Bg5 Nxf3 19. Rxf3 h6 20. Bh4 Rd7 21. Raf1 g5 22. Bf2 Ne4 23. Bg1 Qg6 24. Qa4 Red8 25. Nb3 Be5 26. Bh2 Bxh2 27. Kxh2 Qd6+ 28. Kg1 Qb6+ 29. Kh1 Rd1 30. Qxe4 Qb5 31. c4 Qd7 32. Qe2 Rxf1+ 33. Rxf1 Re8 34. Qf3 b6 35. Rd1 Qe6 36. Nd4 Qxc4 37. Nf5 Qe6 38. b3 Kh7 39. Qd3 Qe4 40. Qxe4 Rxe4 41. Rd7 Kg6 42. Ng3 1-0

[Event "Titled Tuesday intern op 24th Oct Late"]
[Site "Chess.com INT"]
[Date "2023.10.24"]
[Round "4"]
[White "Yushko, Olga"]
[Black "Chemin, Vitorio"]
[Result "0-1"]
[WhiteElo "2064"]
[BlackElo "2150"]
[PlyCount "66"]
[EventDate "2023.10.24"]
[EventType "swiss (blitz)"]
[EventRounds "11"]
[EventCountry "USA"]
[SourceTitle "Mega2024 Update 01"]
[Source "Chessbase"]
[SourceDate "2023.11.12"]
[SourceVersion "1"]
[SourceVersionDate "2023.11.12"]
[SourceQuality "1"]

1. d4 d5 2. c4 e6 3. cxd5 exd5 4. Nc3 c6 5. Nf3 Nf6 6. Bg5 h6 7. e3 hxg5 8. Nxg5 Bb4 9. Bd3 Qe7 10. Qc2 b5 11. 0-0-0 a5 12. Nxb5 Bg4 13. f3 Be6 14. Nxe6 fxe6 15. Bg6+ Kd7 16. Nc3 Ne8 17. Kb1 Nd6 18. e4 Qg5 19. exd5 cxd5 20. g3 Nc6 21. Na4 Nc4 22. Bd3 Nxd4 23. Qf2 Ne3 24. f4 Nxd1 25. Rxd1 Qf6 26. Nb6+ Kd6 27. Nxa8 Rxa8 28. Bf1 Bc5 29. Qd2 Rb8 30. Qxa5 Rxb2+ 31. Kc1 Ne2+ 32. Bxe2 Be3+ 33. Rd2 Bxd2+ 0-1

[Event "Titled Tuesday intern op 19th Sep Early"]
[Site "Chess.com INT"]
[Date "2023.09.19"]
[Round "1"]
[White "Chemin, Vitorio"]
[Black "Kopczynski, Michal"]
[Result "0-1"]
[WhiteElo "2150"]
[BlackElo "2225"]
[PlyCount "126"]
[EventDate "2023.09.19"]
[EventType "swiss (blitz)"]
[EventRounds "11"]
[EventCountry "USA"]
[SourceTitle "EXT 2024"]
[Source "ChessBase"]
[SourceDate "2023.10.10"]
[SourceVersion "1"]
[SourceVersionDate "2023.10.10"]
[SourceQuality "1"]

1. d4 Nf6 2. Nf3 g6 3. Bf4 Bg7 4. e3 d6 5. Be2 0-0 6. 0-0 Nfd7 7. h3 Nc6 8. c4 e5 9. Bh2 f5 10. Nc3 f4 11. dxe5 dxe5 12. exf4 exf4 13. Qd5+ Kh8 14. Ng5 Nde5 15. Qxd8 Nxd8 16. Nd5 h6 17. Ne4 Ne6 18. Rfe1 c6 19. Ne7 Nd4 20. Nxc8 Nxe2+ 21. Rxe2 Raxc8 22. Nd6 Rc7 23. c5 g5 24. Rd1 Rd7 25. b4 Kg8 26. g3 f3 27. Re3 g4 28. Rde1 Nf7 29. Nxf7 Rfxf7 30. hxg4 Rd2 31. Ra3 Bd4 32. Rf1 a6 33. g5 hxg5 34. g4 Re7 35. Bg3 Rf7 36. Kh2 Rb2 37. Rd3 Rxb4 38. Bd6 Ra4 39. Kg3 Rc4 40. Rfd1 Bxc5 41. Bxc5 Rxc5 42. Rxf3 Rxf3+ 43. Kxf3 Rc3+ 44. Kg2 Rc2 45. Rd7 Rb2 46. Rc7 a5 47. Kg3 a4 48. f4 gxf4+ 49. Kxf4 a3 50. Kg5 Kf8 51. Kg6 Ke8 52. g5 Kd8 53. Rh7 b5 54. Kf7 Rxa2 55. Ke6 Rg2 56. Rg7 a2 57. Kd6 Ke8 58. Ra7 b4 59. Ke6 Kf8 60. Kf6 Ke8 61. g6 b3 62. g7 Rxg7 63. Kxg7 b2 0-1

[Event "Titled Tuesday intern op 19th Sep Early"]
[Site "Chess.com INT"]
[Date "2023.09.19"]
[Round "8"]
[White "Dinu, Dumitru Daniel"]
[Black "Chemin, Vitorio"]
[Result "1-0"]
[WhiteElo "2194"]
[BlackElo "2150"]
[PlyCount "87"]
[EventDate "2023.09.19"]
[EventType "swiss (blitz)"]
[EventRounds "11"]
[EventCountry "USA"]
[SourceTitle "EXT 2024"]
[Source "ChessBase"]
[SourceDate "2023.10.10"]
[SourceVersion "1"]
[SourceVersionDate "2023.10.10"]
[SourceQuality "1"]

1. e4 c5 2. d4 cxd4 3. c3 e5 4. Nf3 Nc6 5. cxd4 exd4 6. Nxd4 Nf6 7. Nc3 Bb4 8. Nxc6 bxc6 9. Bd3 d5 10. exd5 Nxd5 11. 0-0 Bxc3 12. bxc3 0-0 13. Ba3 Re8 14. Qc2 Qh4 15. Rae1 Be6 16. Re4 Qf6 17. Bb2 Rab8 18. Rfe1 Nf4 19. Bf1 Red8 20. Bc1 Nd5 21. Re5 Ne7 22. Bg5 Qg6 23. Qxg6 Nxg6 24. Bxd8 Nxe5 25. Bc7 Rb2 26. Bxe5 Rxa2 27. Bd4 a5 28. c4 a4 29. Ra1 Rxa1 30. Bxa1 Kf8 31. f3 f6 32. Kf2 Ke7 33. Ke3 Kd6 34. Kd4 c5+ 35. Kc3 Ke5 36. g3 Bf5 37. Bd3 Bxd3 38. Kxd3+ Ke6 39. Bb2 g5 40. Ba3 Kd6 41. Ke4 Ke6 42. g4 h5 43. h3 hxg4 44. hxg4 1-0

[Event "Titled Tuesday intern op 12th Sep Early"]
[Site "Chess.com INT"]
[Date "2023.09.12"]
[Round "5"]
[White "Md Imran"]
[Black "Chemin, Vitorio"]
[Result "1-0"]
[WhiteElo "2197"]
[BlackElo "2150"]
[PlyCount "59"]
[EventDate "2023.09.12"]
[EventType "swiss (blitz)"]
[EventRounds "11"]
[EventCountry "USA"]
[SourceTitle "EXT 2024"]
[Source "ChessBase"]
[SourceDate "2023.10.10"]
[SourceVersion "1"]
[SourceVersionDate "2023.10.10"]
[SourceQuality "1"]

1. d4 Nf6 2. c4 c5 3. d5 e6 4. Nc3 exd5 5. cxd5 d6 6. e4 g6 7. Bd3 Bg7 8. Nge2 0-0 9. 0-0 Re8 10. h3 Na6 11. a3 Nc7 12. a4 b6 13. Bg5 h6 14. Bh4 a6 15. f4 Rb8 16. Ng3 b5 17. e5 dxe5 18. fxe5 Rxe5 19. Nce4 g5 20. Nxf6+ Bxf6 21. Nh5 Nxd5 22. Nxf6+ Nxf6 23. Bh7+ Kxh7 24. Qxd8 Re8 25. Qxf6 Be6 26. Bg3 Rbd8 27. Be5 Rg8 28. axb5 axb5 29. Ra7 Rdf8 30. Qxe6 1-0

[Event "Caioba op 7th"]
[Site "Caioba"]
[Date "2023.06.21"]
[Round "5"]
[White "De Oliveira, Ana Julia"]
[Black "Chemin, Vitorio"]
[Result "0-1"]
[WhiteElo "1522"]
[BlackElo "2164"]
[PlyCount "86"]
[EventDate "2023.06.18"]
[EventType "swiss"]
[EventRounds "9"]
[EventCountry "BRA"]
[SourceTitle "CBM 214 Extra"]
[Source "ChessBase"]
[SourceDate "2023.07.31"]
[SourceVersion "1"]
[SourceVersionDate "2023.07.31"]
[SourceQuality "1"]

1. e4 c5 2. Nf3 Nc6 3. d4 cxd4 4. Nxd4 Nf6 5. Nc3 d6 6. Bc4 e6 7. Bb3 Qc7 8. Qe2 Na5 9. Be3 a6 10. 0-0-0 b5 11. Kb1 b4 12. Na4 Nxb3 13. axb3 Nxe4 14. f3 Nc5 15. Qf2 Nxa4 16. bxa4 Bd7 17. Nb3 Bxa4 18. Bb6 Qc6 19. Na5 Qd7 20. b3 Bb5 21. Rhe1 Be7 22. Qd4 0-0 23. Qxb4 Rab8 24. Qd4 Rxb6 25. Qxb6 Bd8 26. Qd4 Bxa5 27. Re4 f5 28. Rh4 d5 29. Rh3 Bd8 30. g4 Bf6 31. Qb6 fxg4 32. fxg4 Be2 33. Rg1 d4 34. g5 Bd8 35. Qb4 e5 36. Rhg3 Be7 37. Qd2 Bh5 38. h4 Rc8 39. g6 hxg6 40. Qd3 Bxh4 41. Rh3 Rc3 42. Rxh4 Rxd3 43. cxd3 Qf5 0-1

[Event "Parana-ch"]
[Site "Maringa"]
[Date "2019.12.13"]
[Round "4"]
[White "Dias, Joao Batista de Sou"]
[Black "Chemin, Vitorio"]
[Result "0-1"]
[WhiteElo "1877"]
[BlackElo "2169"]
[PlyCount "63"]
[EventDate "2019.12.12"]
[EventType "swiss"]
[EventRounds "7"]
[EventCountry "BRA"]
[SourceTitle "CBM 193 Extra"]
[Source "ChessBase"]
[SourceDate "2020.01.31"]
[SourceVersion "1"]
[SourceVersionDate "2020.01.31"]
[SourceQuality "1"]

1. g3 d5 2. Bg2 Nf6 3. Nf3 c6 4. d3 Bf5 5. 0-0 e6 6. Bg5 Be7 7. Nbd2 h6 8. Bxf6 Bxf6 9. c3 0-0 10. e4 Bg6 11. Qe2 Nd7 12. Nb3 a5 13. e5 Be7 14. d4 Qb6 15. Rad1 a4 16. Nc1 c5 17. Nd3 cxd4 18. Nxd4 Rfc8 19. a3 Nc5 20. Nxc5 Bxc5 21. Kh1 Qa6 22. Rfe1 Qxe2 23. Rxe2 Ra6 24. g4 Rb6 25. h4 h5 26. f3 hxg4 27. fxg4 Be7 28. h5 Bh7 29. Kh2 g6 30. hxg6 Bxg6 31. Kg3 Bxa3 32. bxa3 0-1